SOCIOLOGICAL PERSPECTIVES ON INDIAN HIGHER EDUCATION (Record no. 8794)

MARC details
000 -LEADER
fixed length control field 00368nam a22001577a 4500
003 - CONTROL NUMBER IDENTIFIER
control field SGT
082 ## - DEWEY DECIMAL CLASSIFICATION NUMBER
Classification number 378,RUH
100 ## - MAIN ENTRY--PERSONAL NAME
Personal name RUHELA,S.P.
245 ## - TITLE STATEMENT
Title SOCIOLOGICAL PERSPECTIVES ON INDIAN HIGHER EDUCATION
250 ## - EDITION STATEMENT
Edition statement 1ST
260 ## - PUBLICATION, DISTRIBUTION, ETC. (IMPRINT)
Place of publication, distribution, etc DELHI
Name of publisher, distributor, etc INDIAN PUBLICATION
Year of Publication 2014
300 ## - PAGE DESCRIPTION
No. of Pages 218
650 ## - SUBJECT ADDED ENTRY--TOPICAL TERM
Topical term or geographic name as entry element HIGHER EDUCATION
653 ## - KEYWORDS--INDEX TERM
Keyword term HIGHER EDUCATION
942 ## - ADDED ENTRY ELEMENTS (KOHA)
Source of classification or shelving scheme Dewey Decimal Classification
Koha item type Books
Holdings
Withdrawn status Lost status Source of classification or shelving scheme Damaged status Use restrictions Not for loan Collection code Home library Current library Shelving location Date acquired Vendor Name Cost, normal purchase price SGTU Bill Number Full call number Accession No. (Barcode) Date last seen Bill Date Koha item type Total Checkouts Date last borrowed
    Dewey Decimal Classification   Restricted Access   EDUCATION SGT Engineering Library SGT Engineering Library Reference Book 06/05/2016 UBS DELHI 250.00 SGTU 227 378,RUH ED1 06/05/2016 06/05/2016 Books    
    Dewey Decimal Classification       EDUCATION SGT Engineering Library SGT Engineering Library   06/05/2016 UBS DELHI 250.00 SGTU 544 378,RUH ED2 06/05/2016 06/02/2016 Books 1 06/05/2016
    Dewey Decimal Classification       EDUCATION SGT Engineering Library SGT Engineering Library   06/05/2016 UBS DELHI 250.00 SGTU 544 378,RUH ED3 06/05/2016 06/02/2016 Books    
    Dewey Decimal Classification       EDUCATION SGT Engineering Library SGT Engineering Library   06/05/2016 UBS DELHI 250.00 SGTU 544 378,RUH ED4 06/05/2016 06/02/2016 Books    
    Dewey Decimal Classification       EDUCATION SGT Engineering Library SGT Engineering Library   06/05/2016 UBS DELHI 250.00 SGTU 544 378,RUH ED5 06/05/2016 06/02/2016 Books